000 01422nam a2200373Ia 4500
001 ebr10667438
003 CaPaEBR
006 m u
007 cr cn|||||||||
008 130107s2013 aru sb s000 0 eng d
010 _z 2012045632
020 _z1557286299
020 _z9781557286291
020 _z9781610755177 (ebook)
040 _aCaPaEBR
_cCaPaEBR
035 _a(OCoLC)830324132
050 1 4 _aPS593.P77
_bB74 2013eb
245 0 0 _aBreaking the jaws of silence
_h[electronic resource] :
_bsixty American poets speak to the world /
_cedited by Sholeh Wolpe.
260 _aFayetteville :
_bUniversity of Arkansas Press,
_c2013.
300 _axiii, 140 p.
504 _aIncludes bibliographical references.
533 _aElectronic reproduction.
_bPalo Alto, Calif. :
_cebrary,
_d2013.
_nAvailable via World Wide Web.
_nAccess may be limited to ebrary affiliated libraries.
650 0 _aAmerican poetry
_y20th century.
650 0 _aAmerican poetry
_y21st century.
650 0 _aFreedom of expression
_vPoetry.
650 0 _aHuman rights
_vPoetry.
650 0 _aLiberty
_vPoetry.
650 0 _aProtest poetry, American.
655 7 _aElectronic books.
_2local
700 1 _aMason, David,
_d1954-
700 1 _aWolpe, Sholeh.
710 2 _aebrary, Inc.
856 4 0 _uhttp://site.ebrary.com/lib/rucke/Doc?id=10667438
_zAn electronic book accessible through the World Wide Web; click to view
999 _c61373
_d61373